Airport to City - Statistics

General Stats
  • This quiz has been taken 27 times
  • The average score is 33 of 60
Answer Stats
Airport City % Correct
8) O'Hare, Midway Chicago
100%
9) Heathrow, Gatwick London
100%
3) Charles De Gaulle Paris
100%
14) Leonardo DaVinci Fiumicino Rome
96%
1) Reagan, Dulles Washington DC
91%
58) Indira Gandhi New Delhi
87%
4) Schiphol Amsterdam
83%
11) Sabiha Gokcen, Ataturk Istanbul
83%
46) John F Kennedy, LaGuardia New York
83%
22) Narita, Haneda Tokyo
83%
50) Louis Armstrong New Orleans
78%
47) Logan Boston
74%
16) George Bush Houston
74%
7) SeaTac Seattle
74%
31) Ben Gurion Tel Aviv
74%
24) Suvarnabhumi Bangkok
70%
13) Sheremetyevo Moscow
70%
33) Jomo Kenyatta Nairobi
70%
2) Hartsfield Jackson Atlanta
65%
12) El Prat Barcelona
65%
45) Santos Dumont Rio De Janeiro
65%
30) King Khaled Riyadh
65%
21) Ferenc Liszt Budapest
61%
42) Aeroparque Jorge Newbery Buenos Aires
61%
25) Ninoy Aquino Manila
61%
17) Malpensa, Linate Milan
61%
26) Chhatrapati Shivaji Mumbai
61%
10) Pudong Shanghai
61%
40) El Dorado Bogota
57%
55) Jose Marti Havana
57%
23) Soekarno-Hatta Jakarta
57%
5) OR Tambo Johannesburg
57%
27) Tan Son Nhat Ho Chi Minh City
52%
6) Sky Harbor Phoenix
52%
20) Vaclav Hovel Prague
52%
44) Comodoro Arturo Merino Benitez Santiago
52%
32) Mohammed V Casablanca
48%
28) Hamad Doha
48%
59) Harry Reid Las Vegas
48%
41) Jorge Chavez Lima
48%
29) Kansai Osaka
48%
18) Pulkovo St Petersburg
48%
60) King Abdulaziz Jeddah
43%
15) Gardermoen Oslo
39%
39) Borg El Arab Alexandria
35%
37) Julius Nyerere Dar Es Salaam
35%
35) King Shaka Durban
35%
34) Murtala Muhammed Lagos
35%
43) Tocumen Panama City
30%
56) Juan Santamaria San Jose
30%
19) Esenboga Ankara
26%
48) Thurgood Marshall Baltimore
26%
38) Quatro De Fevereiro Luanda
26%
52) Macdonald-Cartier Ottawa
26%
49) Daniel K Inouye Honolulu
22%
51) Ted Stevens Anchorage
13%
57) Silvio Pettirossi Asuncion
13%
36) Kotoka Accra
9%
53) Donald Sangster Montego Bay
9%
54) TF Green Providence
4%
No matching quizzes found
Score Distribution
Percent of People with Each Score
Percentile by Number Answered
Your Score History
You have not taken this quiz